[Event "Bohumin op 1st"]
[Site "Bohumin"]
[Date "2018.05.23"]
[Round "4"]
[White "Kalveus, Jan"]
[Black "Mlynarczyk, Jan"]
[Result "1/2-1/2"]
[WhiteElo "1870"]
[BlackElo "1510"]
[PlyCount "163"]
[EventDate "2018.05.20"]
[EventType "swiss"]
[EventRounds "8"]
[EventCountry "CZE"]
[SourceTitle "CBM 184 Extra"]
[Source "ChessBase"]
[SourceDate "2018.06.28"]
[SourceVersion "1"]
[SourceVersionDate "2018.06.28"]
[SourceQuality "1"]

1. d4 Nf6 2. Nf3 e6 3. c4 Bb4+ 4. Bd2 Bxd2+ 5. Qxd2 d5 6. Nc3 0-0 7. e3 b6 8. cxd5 exd5 9. Bd3 Bb7 10. Qc2 h6 11. Rc1 Nbd7 12. 0-0 c5 13. Rfe1 Re8 14. Bf5 Ne4 15. Bxd7 Qxd7 16. Ne5 Qe7 17. Rcd1 cxd4 18. exd4 Nxc3 19. Qxc3 Rac8 20. Qd2 Qf6 21. Re3 Qg5 22. h3 f6 23. Nf3 Qg6 24. Rde1 Qf7 25. Nh4 Rxe3 26. Qxe3 Bc6 27. Rc1 Bd7 28. Rd1 Qh5 29. Nf3 Qf7 30. Qd3 Re8 31. Rc1 Rc8 32. Rxc8+ Bxc8 33. Qa3 Qc7 34. Qe3 Qd7 35. Qf4 Qc6 36. Qb8 Qd7 37. Qg3 Qc6 38. Kh2 a6 39. Nh4 b5 40. Ng6 Qd7 41. Nf4 Qf5 42. Qe3 Qe4 43. Nd3 Bf5 44. Qxe4 dxe4 45. Nc5 Kf7 46. Nxa6 Ke7 47. Kg1 Kd6 48. Nb4 Be6 49. Kf1 f5 50. h4 g5 51. hxg5 hxg5 52. g3 f4 53. Ke1 Ke7 54. b3 Kf6 55. Nc6 Bd5 56. Na7 Kf5 57. gxf4 Kxf4 58. Nxb5 e3 59. Nc3 Bc6 60. Nd1 exf2+ 61. Kxf2 Ke4 62. Ke2 Kxd4 63. Kd2 g4 64. Nf2 Bf3 65. a4 g3 66. Nh3 g2 67. Ng1 Bd5 68. b4 Kc4 69. b5 Kb4 70. b6 Kxa4 71. Ke3 Kb5 72. Kf2 Kxb6 73. Kg3 Kc5 74. Kf2 Kd4 75. Nh3 Ke5 76. Kg3 Kf5 77. Ng1 Ke5 78. Nh3 Kd4 79. Kf2 Bc6 80. Ng1 Kd3 81. Nh3 g1Q+ 82. Nxg1 1/2-1/2

[Event "Karvina op"]
[Site "Karvina"]
[Date "2014.07.04"]
[Round "7"]
[White "Szneider, Kazimierz"]
[Black "Mlynarczyk, Jan"]
[Result "1/2-1/2"]
[WhiteElo "1787"]
[BlackElo "1462"]
[PlyCount "20"]
[EventDate "2014.06.28"]
[EventType "swiss"]
[EventRounds "9"]
[EventCountry "CZE"]
[SourceTitle "CBM 161 Extra"]
[Source "ChessBase"]
[SourceDate "2014.08.29"]
[SourceVersion "1"]
[SourceVersionDate "2014.08.29"]
[SourceQuality "1"]

1. d4 Nf6 2. c4 e6 3. Nf3 Bb4+ 4. Bd2 c5 5. dxc5 Bxc5 6. e3 Nc6 7. a3 a5 8. Nc3 d5 9. cxd5 Nxd5 10. Qc2 0-0 1/2-1/2